01385nam a22002897a 4500003000900000005001700009007000300026008004100029020001800070040002500088082001600113100003400129245020800163260003900371300002100410500007500431500003700506590002700543700005400570700003600624910001400660942001400674952012600688952013200814952013200946999001701078DO-SdBNP20220603093754.0ta110301s2021 dr 000 0 spa d a9789945627725 aDO-SdBNPbspacBNPHU 4axxxxbL888p1 aLouius Thomas, Mirline95301810aPara una familia exitosamente funcional :bcómo hacer de tu familia una familia bien cimentada /cMirline Louius Thomas ; prólogo Rosa Ana de Luna Huggins de Díaz ; carta al lector Richadson Louius aSanto Domingo :bSantuario,c2021. a111 p. :c23 cm. aIncluye datos biográficos de la autora en la solapa de la portada.  aIncluye notas a pie de paginas.  aInventariado, 2022/ YL12aLuna Huggins de Díaz, Rosa Ana de eprol98177312aLouius, Richadsonepres.981774 aYLockward 2ddccLBS1 00102ddc51708PDaBNPHUbBNPHUcHDd2022-02-01eEditora Búhol0oxxxx L888pp2022-2685r2022-06-03w2022-06-03yLBS1 00102ddc51708PDaBNPHUbBNPHUcHDd2022-02-01eEditora Búhol0oxxxx L888pp2022-2686r2022-06-03te. 2w2022-06-03yLBS1 00102ddc56708PDaBNPHUbBNPHUcHDd2022-02-01eEditora Búhol0oxxxx L888pp2022-2687r2022-06-03te. 3w2022-06-03yLBS1 c51917d51917